00633nam a2200181 a 450000100100000000500170001000800410002704000250006808200150009310000360010824500520014426000480019630000210024458600410026504900090030695201190031599900170043400002533220200930023720.0110214s1942 sp r 000 0 spa d aDO-SdBNPbSPAcBNPHU aNNNbP438c1 aPérez Lugin, Alejandro95188410aLa casa de la troya /cAlejandro Pérez Lugin. aBuenos Aires :bLas grandes obras,c[1942]. a238 p. ;c18 cm. aObra Premiada por la Real Española aBNGR 001054708MOaGRbGRcCTd2011-02-14iLF1l0oNNN P438cp25332-10r2020-06-25w2020-06-25y4ZPréstamo en sala c24824d24824